=LDR 00000nam 2200000 4500 =001 INLIS000000000045104 =005 20141218085420.0 =006 =007 =008 =035 ##$$0010-121400000000254 =040 ##$$a NBPDMAT =090 ##$$a 507.6$bFaw l =100 ##$$a Fawziyyah =245 ##$$a LKS utama IPA untuk SMA dan MTS kelas I semester I $cFawziyyah; penyunting Ninurng Rahaqyu. -- Cet. 1. -- =260 ##$$a Jakarta$bWidya Utama$c2007 =300 ##$$a 72 hlm.$billus$c28 cm =650 ##$$a Sains SMA-Soal dan Sebagainya =852 ##$$a NBPDMAT